| 000 | 01711cam a2200349 a 4500 | ||
|---|---|---|---|
| 001 | 15221671 | ||
| 003 | ARRUPE | ||
| 005 | 20140129121445.0 | ||
| 008 | 080317s2008 miua b 001 0 eng | ||
| 010 | _a 2008012008 | ||
| 020 | _a9780802803849 (pbk. : alk. paper) | ||
| 020 | _a0802803849 (pbk. : alk. paper) | ||
| 035 | _a(OCoLC)ocn214282460 | ||
| 035 |
_a(OCoLC)214282460 _z(OCoLC)213452277 |
||
| 040 |
_aDLC _cDLC _dBAKER _dYDXCP _dBTCTA _dEMT _dC#P _dBWX _dDLC |
||
| 050 | 0 | 0 |
_aBS1171.3 _b.M38 2008 |
| 082 | 0 | 0 |
_a221.6/6 _222 |
| 100 | 1 |
_aMatthews, Victor Harold. _97189 |
|
| 245 | 1 | 0 |
_aMore than meets the ear : _bdiscovering the hidden contexts of Old Testament conversations / _cVictor H. Matthews. |
| 260 |
_aGrand Rapids, Mich. : _bWilliam B. Eerdmans Pub., _c2008. |
||
| 300 |
_axii, 198 p. : _bill. ; _c23 cm. |
||
| 504 | _aIncludes bibliographical references (p. 169-187) and indexes. | ||
| 505 | 0 | _aAnalyzing biblical dialogue with sociolinguistics and discourse analysis -- Discourse and cognition in the story of Judah and Tamar -- Conversation analysis and embedded dialogue -- Dialogue as a social kaleidoscope : using positioning theory -- Spatiality and context. | |
| 630 | 0 | 0 |
_aBible. _pOld Testament _xCriticism, interpretation, etc. _97190 |
| 650 | 0 |
_aDialogue in the Bible. _97191 |
|
| 650 | 0 |
_aConversation analysis. _97192 |
|
| 650 | 0 |
_aDialogue analysis. _97193 |
|
| 856 | 4 | 1 |
_3Table of contents only _uhttp://www.loc.gov/catdir/toc/ecip0814/2008012008.html |
| 906 |
_a7 _bcbc _corignew _d1 _eecip _f20 _gy-gencatlg |
||
| 942 |
_2lcc _cMONOGRAPH |
||
| 999 |
_c119740 _d119740 |
||